000 00413nam a2200181Ia 4500
005 20250603145952.0
008 250603s9999 xx 000 0 und d
020 _a9781491839485
050 _aPR 9387 .D33/
100 _aDada, A.D.
245 0 _aTo the rescue: say no to curruption
260 _aAmerica
260 _buthorHouse
260 _c2014
300 _a176 p
650 _aAmerica
942 _cBK
999 _c43387
_d43387